LEADER 01789oam 2200469Ia 450 001 9910701135103321 005 20120130133804.0 035 $a(CKB)5470000002415698 035 $a(OCoLC)467964635 035 $a(EXLCZ)995470000002415698 100 $a20091120d2009 ua 0 101 0 $aeng 135 $aurmn||||||||| 181 $ctxt$2rdacontent 182 $cc$2rdamedia 183 $acr$2rdacarrier 200 10$aLow-income women's experiences with food programs, food spending, and food-related hardships$b[electronic resource] $eevidence from qualitative data /$fby Kristin S. Seefeldt and Tedi Castelli 210 1$a[Washington, D.C.] :$cU.S. Dept. of Agriculture, Economic Research Service,$d[2009] 225 1 $aContractor and cooperator report ;$vno. 57 300 $aTitle from title screen (viewed on Nov. 20, 2009). 300 $a"August 2009." 320 $aIncludes bibliographical references. 517 $aLow-income women's experiences with food programs, food spending, and food-related hardships 606 $aPoor$xNutrition$zUnited States 606 $aNutrition policy$zUnited States 606 $aWomen$xNutrition$zUnited States 606 $aFood consumption$zUnited States 615 0$aPoor$xNutrition 615 0$aNutrition policy 615 0$aWomen$xNutrition 615 0$aFood consumption 700 $aSeefeldt$b Kristin S$01094682 701 $aCastelli$b Tedi$01403519 712 02$aUnited States.$bDepartment of Agriculture.$bEconomic Research Service. 801 0$bAGL 801 1$bAGL 801 2$bAGL 801 2$bGPO 906 $aBOOK 912 $a9910701135103321 996 $aLow-income women's experiences with food programs, food spending, and food-related hardships$93476404 997 $aUNINA LEADER 01662nam0 2200397 i 450 001 VAN0133397 005 20230619090039.857 017 70$2N$a9783662445327 100 $a20210412d2015 |0itac50 ba 101 $aeng 102 $aDE 105 $a|||| ||||| 200 1 $aMagnetic Microscopy of Layered Structures$fWolfgang Kuch ?$bet al.] 210 $aBerlin$aHeidelberg$cSpringer$d2015 215 $axi, 246 p.$cill.$d24 cm 410 1$1001VAN0132874$12001 $aSpringer Series in Surface Sciences$1210 $aBerlin [etc.]$cSpringer$v57 500 1$3VAN0134214$aMagnetic Microscopy of Layered Structures$91771413 606 $a74-XX$xMechanics of deformable solids [MSC 2020]$3VANC022466$2MF 606 $a00A79 (77-XX)$xPhysics [MSC 2020]$3VANC023182$2MF 610 $aLayered structures$9KW:K 610 $aMagnetic domain imaging$9KW:K 610 $aMagnetic thin films and multilayers$9KW:K 610 $aMicromagnetism$9KW:K 610 $aMicroscopy$9KW:K 620 $dBerlin$3VANL000066 620 $aDE$dHeidelberg$3VANL000282 702 1$aKuch$bWolfgang$3VANV107132 712 $aSpringer $3VANV108073$4650 801 $aIT$bSOL$c20240614$gRICA 856 4 $uhttp://doi.org/10.1007/978-3-662-44532-7$zhttp://doi.org/10.1007/978-3-662-44532-7 899 $aBIBLIOTECA DEL DIPARTIMENTO DI MATEMATICA E FISICA$1IT-CE0120$2VAN08 912 $fN 912 $aVAN0133397 950 $aBIBLIOTECA DEL DIPARTIMENTO DI MATEMATICA E FISICA$d08CONS e-book 2243 $e08eMF2243 20210412 996 $aMagnetic Microscopy of Layered Structures$91771413 997 $aUNICAMPANIA